|
|
|
|
| LEADER |
01402cas a2200253 a 4500 |
| 001 |
AALejournalIMF016188 |
| 008 |
230101c9999 xx r poo 0 0eng d |
| 020 |
|
|
|c 5.00 USD
|
| 020 |
|
|
|z 9781513527888
|
| 022 |
|
|
|a 1018-5941
|
| 040 |
|
|
|a BD-DhAAL
|c BD-DhAAL
|
| 100 |
1 |
|
|a Adam, Christopher.
|
| 245 |
1 |
4 |
|a The Minimum Wage Puzzle in Less Developed Countries :
|b Reconciling Theory and Evidence /
|c Christopher Adam, Edward Buffie.
|
| 264 |
|
1 |
|a Washington, D.C. :
|b International Monetary Fund,
|c 2020.
|
| 300 |
|
|
|a 1 online resource (77 pages)
|
| 490 |
1 |
|
|a IMF Working Papers
|
| 500 |
|
|
|a <strong>Off-Campus Access:</strong> No User ID or Password Required
|
| 500 |
|
|
|a <strong>On-Campus Access:</strong> No User ID or Password Required
|
| 506 |
|
|
|a Electronic access restricted to authorized BRAC University faculty, staff and students
|
| 520 |
3 |
|
|a We show that a dynamic general equilibrium model with efficiency wages and endogenous capital accumulation in both the formal and (non-agricultural) informal sectors can explain the full range of confounding stylized facts associated with minimum wage laws in less developed countries.
|
| 538 |
|
|
|a Mode of access: Internet
|
| 700 |
1 |
|
|a Buffie, Edward.
|
| 830 |
|
0 |
|a IMF Working Papers; Working Paper ;
|v No. 2020/023
|
| 856 |
4 |
0 |
|z Full text available on IMF
|u http://elibrary.imf.org/view/journals/001/2020/023/001.2020.issue-023-en.xml
|z IMF e-Library
|